Представление документа в формате RUSMARC

Поле Инд. ПП Название Значение
Тип записи a
Библиографический уровень a
001 Контрольный номер 1d0c4c15a45b483998697ddd2e9c0121
005 Дата корректировки 20231006112020.6
100 a Данные общей обработки 20211223 ||| 0rusy0189 ca
101 0_ a Язык текста rus
102 a Страна публикации RU
200 1_ f Первые сведения об ответственности Т.А. Вершило, Е.С. Матьянова
a Заглавие Доктрина принципов финансового права в российской юридической науке
b Общее обозначение материала Текст
203 a Вид содержания Текст : электронный
210 1_ d Дата издания 2021
300 a Общие примечания Чтение статьи доступно в Источнике
336 a Примечание о виде электронного ресурса PDF
461 _0 1 2000
a Российское правосудие
463 _0 1 2000
a № 9
b Электронный ресурс
v С. 88-93
1 2101
d 2021
1 001866608069a1d4462afd94c6e64464f35
606 a Основная рубрика Право. Юридические науки
x Основная подрубрика Финансовое право
610 0_ a Ключевые слова ПРИНЦИПЫ ПРАВА
a Ключевые слова ЮРИСПРУДЕНЦИЯ
a Ключевые слова РГУП.
700 _1 a Фамилия Вершило
b Имя Т.А.
701 _1 a Фамилия Матьянова
b Имя Е.С.
801 _0 a Страна RU
b Организация РГУП
c Дата составления 20211223
g Правила каталогизации PSBO
801 _1 a Страна RU
b Организация РГУП
c Дата составления 20211223
g Правила каталогизации PSBO
901 t Тип документа b
w Контрольный № источника 866608069a1d4462afd94c6e64464f35
905 a Дата ввода 20211223
952 k Публикации кафедры Финансового права